| 000 | 01264nam a2200217Ia 4500 | ||
|---|---|---|---|
| 001 | 10625 | ||
| 003 | GE_BSU | ||
| 008 | 181216s||||||||xx |||||||||||||| ||und|| | ||
| 040 | _cGE_BSU | ||
| 245 | _aგადასახადები & აღრიცხვა. №10.მაისი. 2014. | ||
| 245 | _bკანონმდებლობის მიმოხილვა, აღრიცხვა,ოფიციალური მასალები,ექსპერტის კონსულტაცია. | ||
| 245 | _cექსპერტები:გონერ ურიდია,ჯემალ ძაგნიძე, მაია ნასარაია,და სხვ. | ||
| 260 | _aთბილისი | ||
| 260 | _bჟურნალი გადასახადები და აღრიცხვა | ||
| 260 | _c2014. | ||
| 300 | _a54გვ.29სმ. | ||
| 653 | _aგადასახადები & აღრიცხვა | ||
| 653 | _aკანონმდებლობის მიმოხილვა, აღრიცხვა,ოფიციალური მასალები,ექსპერტის კონსულტაცია. | ||
| 653 | _aპერიოდიკა | ||
| 942 | _cCR | ||
| 999 |
_c43876 _d43876 |
||